| 000 | 00820nam a2200229 4500 | ||
|---|---|---|---|
| 001 | 121523 | ||
| 003 | ES-MaACL | ||
| 007 | t| | ||
| 008 | 070214q1940 sp r ||||1| spa d | ||
| 100 | 1 |
_aPlanella Guille, Juan. _992549 |
|
| 245 | 1 | 0 |
_aElementos de Filosofía / _cpor el Doctor Juan Planella Guille. |
| 260 |
_aBarcelona : _b[s. n.], _c[1940?] ( _fTip. Industrias Gráficas) |
||
| 300 |
_a2 v. ; _c18 cm. |
||
| 505 | 8 | _aContiene: v. I: Primer Curso: Psicología (Fenomenología de lo psíquico) ; Antropología filosófica ; Metafísica --- v. II: Segundo Curso: Etica | |
| 740 | 0 | _aPrimer Curso. | |
| 740 | 0 | _aPsicología (Fenomenología de lo psíquico) | |
| 740 | 0 | _aAntropología filosófica. | |
| 740 | 0 | _aMetafísica. | |
| 740 | 0 | _aSegundo Curso. | |
| 740 | 0 | _aEtica. | |
| 852 |
_aES-MaACL _jB-7793-94 |
||
| 999 |
_c121523 _d121523 |
||